| 000 -LEADER |
| fixed length control field |
01047nam a22002297a 4500 |
| 003 - CONTROL NUMBER IDENTIFIER |
| control field |
OSt |
| 005 - DATE AND TIME OF LATEST TRANSACTION |
| control field |
20260122192509.0 |
| 008 - FIXED-LENGTH DATA ELEMENTS--GENERAL INFORMATION |
| fixed length control field |
230608b ||||| |||| 00| 0 eng d |
| 040 ## - CATALOGING SOURCE |
| Transcribing agency |
SSBUL |
| 041 ## - LANGUAGE CODE |
| Language code of text/sound track or separate title |
Shan |
| 082 ## - DEWEY DECIMAL CLASSIFICATION NUMBER |
| Edition number |
23 |
| Classification number |
294.30959116 |
| 100 0# - MAIN ENTRY--PERSONAL NAME |
| Personal name |
ထမ်ႇမသႃႇမိ၊ |
| Titles and words associated with a name |
ၸဝ်ႈၶူး Dr. ၼေႃႇၶမ်းလႃႉ။ |
| 245 10 - TITLE STATEMENT |
| Title |
ပိုၼ်းပုတ်ႉထသႃႇသၼႃႇလႄႈ တႆး - An analytical Study of Tai Buddhism / |
| Statement of responsibility, etc. |
ၸဝ်ႈၶူးတွၵ်ႉတိူဝ်ႇ ၼေႃႇၶမ်းလႃႉ ထမ်ႇမသႃမိ။ |
| 260 ## - PUBLICATION, DISTRIBUTION, ETC. |
| Place of publication, distribution, etc. |
တေႁိဝလ၊ |
| Name of publisher, distributor, etc. |
ပုတ်ႉထိတ်ႉၶၢတ်ႉၶျိူဝ်ႇၸဵၼ်ႇထႃႇ၊ |
| Date of publication, distribution, etc. |
2008 ။ |
| 300 ## - PHYSICAL DESCRIPTION |
| Extent |
xii, 108 ၼႃႈ၊ |
| Dimensions |
18 ၸိၼ်ႇတီႇ။ |
| 500 ## - GENERAL NOTE |
| General note |
S-SAT: Dr. Prof Sai Aung Tun |
| 504 ## - BIBLIOGRAPHY, ETC. NOTE |
| Bibliography, etc. note |
ပႃးၽိုၼ်ဢိင် |
| 650 ## - SUBJECT ADDED ENTRY--TOPICAL TERM |
| Topical term or geographic name entry element |
ပုတ်ႉထၽႃႇသႃႇ - တႆး |
| 942 ## - ADDED ENTRY ELEMENTS (KOHA) |
| Koha item type |
Books (Long term) |
| 100 0# - MAIN ENTRY--PERSONAL NAME |
| 9 (RLIN) |
25555 |
| 650 ## - SUBJECT ADDED ENTRY--TOPICAL TERM |
| 9 (RLIN) |
24385 |
|
| Source of classification or shelving scheme |
|
|
| Source of classification or shelving scheme |
|